[Event "Warsaw Superbet Blitz"]
[Site "Warsaw"]
[Date "2024.05.12"]
[Round "11"]
[White "Erigaisi, Arjun Kumar"]
[Black "Gukesh, Dommaraju"]
[Result "0-1"]
[WhiteElo "2762"]
[BlackElo "2764"]
[PlyCount "82"]
[EventDate "2024.05.11"]
[EventType "tourn (blitz)"]
[EventRounds "18"]
[EventCountry "POL"]
[EventCategory "20"]
[SourceTitle "CB20_2024"]
[SourceDate "2024.05.16"]
[SourceVersion "1"]
[SourceVersionDate "2024.05.16"]
[SourceQuality "1"]

1. c4 e5 2. Nc3 Bb4 3. Nd5 a5 4. Nf3 d6 5. g3 c6 6. Nxb4 axb4 7. d4 e4 8. Nd2 Nf6 9. Bg2 d5 10. b3 0-0 11. e3 Bf5 12. Bb2 Re8 13. 0-0 Nbd7 14. a3 bxa3 15. Bxa3 Nf8 16. b4 Qd7 17. Qb3 Bh3 18. b5 Ng6 19. Rfc1 Bxg2 20. Kxg2 Qg4 21. Kh1 Qe2 22. Ra2 Ng4 23. Nf1 Nxf2+ 24. Kg1 Nh3+ 25. Kh1 Qf3+ 26. Rg2 dxc4 27. Qc3 cxb5 28. Nd2 Qg4 29. Bb2 Ng5 30. Rf1 f6 31. Qb4 Qd7 32. Bc3 Ne7 33. Qb2 Nd5 34. Re2 Ra2 35. Qc1 Nf3 36. Rff2 Nxd2 37. Bxd2 c3 38. Bxc3 Rxe2 39. Rxe2 Rc8 40. Rc2 Qc6 41. Qa1 b4 0-1

[Event "Warsaw Superbet Blitz"]
[Site "Warsaw"]
[Date "2024.05.12"]
[Round "13"]
[White "Erigaisi, Arjun Kumar"]
[Black "Praggnanandhaa, Rameshbabu"]
[Result "1-0"]
[WhiteElo "2762"]
[BlackElo "2747"]
[PlyCount "71"]
[EventDate "2024.05.11"]
[EventType "tourn (blitz)"]
[EventRounds "18"]
[EventCountry "POL"]
[EventCategory "20"]
[SourceTitle "CB20_2024"]
[SourceDate "2024.05.16"]
[SourceVersion "1"]
[SourceVersionDate "2024.05.16"]
[SourceQuality "1"]

1. Nf3 Nf6 2. c4 Nc6 3. d4 e6 4. Bf4 Bb4+ 5. Nbd2 d6 6. a3 Bxd2+ 7. Qxd2 Qe7 8. d5 exd5 9. cxd5 Ne5 10. Nxe5 dxe5 11. Bg5 h6 12. Bxf6 Qxf6 13. Rc1 c6 14. dxc6 bxc6 15. g3 Rb8 16. Bg2 Rb6 17. 0-0 0-0 18. b4 Rd8 19. Qe3 Bf5 20. Rc5 e4 21. Bxe4 Bxe4 22. Qxe4 Ra6 23. Qe3 Qb2 24. Rc3 c5 25. bxc5 Re6 26. Qf3 Rxe2 27. c6 Rc2 28. c7 Rc8 29. Rd1 Rxc7 30. Rd8+ Kh7 31. Qf5+ g6 32. Qf6 Qa1+ 33. Kg2 Rxf2+ 34. Kxf2 Qb2+ 35. Kg1 Qa1+ 36. Kg2 1-0

[Event "Sigeman & Co 29th playoff1"]
[Site "Malmo"]
[Date "2024.05.03"]
[Round "3"]
[White "Erigaisi, Arjun Kumar"]
[Black "Svidler, Peter"]
[Result "1-0"]
[WhiteElo "2756"]
[BlackElo "2689"]
[PlyCount "99"]
[EventDate "2024.05.03"]
[EventType "tourn"]
[EventRounds "3"]
[EventCountry "SWE"]
[EventCategory "20"]
[SourceTitle "CB19_2024"]
[SourceDate "2024.05.08"]
[SourceVersion "1"]
[SourceVersionDate "2024.05.08"]
[SourceQuality "1"]

1. d4 d5 2. c4 e6 3. Nf3 a6 4. cxd5 exd5 5. Nc3 h6 6. Bf4 Nf6 7. e3 Bd6 8. Bxd6 Qxd6 9. Bd3 0-0 10. h3 Nc6 11. 0-0 Ne7 12. Qc2 g6 13. Rac1 Bf5 14. Ne5 c5 15. Rfd1 Rac8 16. Qd2 Bxd3 17. Qxd3 c4 18. Qe2 b5 19. a3 Qe6 20. f3 Rb8 21. e4 Rfd8 22. Qe3 Kg7 23. Ne2 Qd6 24. g4 a5 25. h4 b4 26. axb4 Rxb4 27. Rd2 Rdb8 28. Qxh6+ Kxh6 29. Nxf7+ Kg7 30. Nxd6 Rxb2 31. Rcc2 R2b3 32. e5 Nd7 33. f4 a4 34. f5 a3 35. Ra2 Rb2 36. Kf2 Rxd2 37. Rxd2 Nc6 38. Nc3 Rb3 39. Nxd5 c3 40. f6+ Kf8 41. Nxc3 Rxc3 42. g5 Rb3 43. Rd1 a2 44. Ra1 Ra3 45. e6 Nb6 46. h5 gxh5 47. g6 Nd5 48. g7+ Kg8 49. f7+ Kxg7 50. Rg1+ 1-0

[Event "Titled Tuesday intern op 27th Feb Late"]
[Site "Chess.com INT"]
[Date "2024.02.27"]
[Round "11"]
[White "Erigaisi, Arjun Kumar"]
[Black "Hakobyan, Aram"]
[Result "1-0"]
[WhiteElo "2738"]
[BlackElo "2619"]
[PlyCount "93"]
[EventDate "2024.02.27"]
[EventType "swiss (blitz)"]
[EventRounds "11"]
[EventCountry "USA"]
[SourceTitle "CB10_2024"]
[SourceDate "2024.03.06"]
[SourceVersion "1"]
[SourceVersionDate "2024.03.06"]
[SourceQuality "1"]

1. c4 g6 2. d4 Bg7 3. e4 c5 4. d5 d6 5. Be2 Nf6 6. Nc3 0-0 7. Nf3 e6 8. Be3 exd5 9. cxd5 b5 10. e5 dxe5 11. Bxc5 Re8 12. Bxb5 Nbd7 13. Bxd7 Nxd7 14. Be3 Ba6 15. a4 e4 16. Nd4 Ne5 17. Nc6 Nd3+ 18. Qxd3 exd3 19. Nxd8 Raxd8 20. Kd2 Bxc3+ 21. bxc3 Rxd5 22. Rab1 Rd7 23. Rb4 f5 24. Rhb1 Kf7 25. h4 Re6 26. R1b3 Rc6 27. g3 Re6 28. c4 Red6 29. c5 Re6 30. Rb8 Re4 31. c6 Rc7 32. R8b7 Ree7 33. Rxc7 Rxc7 34. Rc3 Ke6 35. Bf4 Re7 36. Rc5 Re8 37. Kc3 Rc8 38. c7 Kd7 39. Ra5 Bb7 40. Kxd3 Be4+ 41. Kd4 Kc6 42. Re5 Kb7 43. Rb5+ Kc6 44. Rb8 Kd7 45. a5 a6 46. Be5 Bc6 47. Ke3 1-0